ბათუმის შოთა რუსთაველის სახელმწიფო უნივერსიტეტის ბიბლიოთეკა

ტექნიკური მექანიკა (კონსტრუქციების ალბომი) : (ბიბ.ჩანაწერი № 39615)

000 -ლიდერი
ფიქსირებული სიგრძის საკონტროლო ველი 01008nam a2200229Ia 4500
001 - საკონტროლო ნომერი
საკონტროლო ველი 6215
003 - საკონტროლო ნომრის იდენტიფიკატორი
საკონტროლო ველი GE_BSU
005 - ბოლო ოპერაციის თარიღი და დრო
საკონტროლო ველი 20190425003209.0
008 - ფიქსირებული სიგრძის მონაცემთა ელემენტები - ზოგადი ინფორმაცია
ფიქსირებული სიგრძის საკონტროლო ველი 181216s1989||||ge |||||||||||||| ||geo||
040 ## - კატალოგიზაციის წყარო
Transcribing agency GE_BSU
041 ## - ენის კოდი
Language code of text/sound track or separate title geo
080 ## - უნივერსალური ათობითი კლასიფიკაციის ინდექსი
Universal Decimal Classification number 621.031(075.32) ე-39
100 ## - მთავარი ჩანაწერი - პიროვნების სახელი
Personal name ეზიკაშვილი, ო.
9 (RLIN) 482
245 ## - ცნობა სათაურის შესახებ
Title ტექნიკური მექანიკა (კონსტრუქციების ალბომი) :
Remainder of title დამხმ. სახელმძღვ. /
Statement of responsibility, etc ო. ეზიკაშვილი, გ.ჭელიძე, ა, ცირეკიძე.
264 ## - წარმოების, გამოცემის, დისტრიბუციის და სხვა ცნობები
გამოცემის, წარმოების, დისტრიბუციის... ადგილი თბილისი :
გამოცემის, წარმოების, დისტრიბუციის... სახელწოდება განათლება,
გამოცემის, წარმოების, დისტრიბუციის... თარიღი 1989.
300 ## - ფიზიკური აღწერა
Extent 144გვ. :
Other physical details ილ. ;
Dimensions 27 სმ.
504 ## - BIBLIOGRAPHY, ETC. NOTE
Bibliography, etc ბიბლიოგრ. : გვ.144.
653 ## - INDEX TERM--UNCONTROLLED
Uncontrolled term ტექნიკური მექანიკა
700 ## - ADDED ENTRY--PERSONAL NAME
Personal name ჭელიძე, ო.
Relator term ავტორი
9 (RLIN) 483
700 ## - ADDED ENTRY--PERSONAL NAME
Personal name ცირეკიძე,ა.
Relator term ავტორი
9 (RLIN) 484
942 ## - ADDED ENTRY ELEMENTS (KOHA)
Koha item type წიგნი
Source of classification or shelving scheme
ეგზემპლარები
ჩამოწერის სტატუსი დაკარგული ეგზემპლარის სტატუსი კლასიფიკაციის წყარო ან თაროზე გაწყობის სქემა დაზიანების სტატუსი არ გაიცემა მუდმივი მდებარეობა (დაცვის ადგილი) ამჟამინდელი ადგილსამყოფელი თაროზე განთავსების ადგილი შეძენის თარიღი ღირებულება, შესყიდვის ნორმალური ფასი სრული შენახვის შიფრი შტრიხკოდი ბოლო ოპერაციის თარიღი ეგზემპლარის მიმდევრობითი ნომერი (კეტერი?) ფასის ძალაში შესვლის თარიღი ეგზემპლარის სახეობა საჯარო შენიშვნა
          ბათუმის შოთა რუსთაველის სახელმწიფო უნივერსიტეტის მთავარი ბიბლიოთეკა ტექნოლოგიური ფაკულტეტის ბიბლიოთეკა წიგნსაცავი 2018-12-17 9.20 621.031(075.32) ე-39 11393 2018-12-17 11393 2018-12-17 წიგნი 9.20 ლ.
          ბათუმის შოთა რუსთაველის სახელმწიფო უნივერსიტეტის მთავარი ბიბლიოთეკა ტექნოლოგიური ფაკულტეტის ბიბლიოთეკა წიგნსაცავი 2018-12-17 9.20 621.031(075.32) ე-39 11394 2018-12-17 11394 2018-12-17 წიგნი 9.20 ლ.